[Event "Cafe Baroque International 2nd"]
[Site "London, Cafe Baroque"]
[Date "1994.03.11"]
[Round "5"]
[White "Whiteley, Andrew Jonathan"]
[Black "McDonald, Neil R"]
[Result "0-1"]
[WhiteElo "2305"]
[BlackElo "2390"]
[PlyCount "100"]
[EventDate "1994.03.09"]
[EventType "tourn"]
[EventRounds "9"]
[EventCountry "ENG"]
[SourceTitle "BritBase"]
[Source "John Saunders"]
[SourceDate "2023.06.01"]
[SourceVersion "1"]
[SourceVersionDate "2023.06.01"]
[SourceQuality "1"]

1. d4 Nf6 2. c4 g6 3. Nf3 Bg7 4. g3 c5 5. d5 b5 6. cxb5 d6 7. Nc3 a6 8. bxa6
Bxa6 9. Bg2 Nbd7 10. O-O Nb6 11. Re1 O-O 12. e4 Nfd7 13. Bf1 Nc4 14. Kg2 Qa5
15. Bxc4 Bxc4 16. Bd2 Qa6 17. Bg5 h6 18. Bf4 Rab8 19. Qd2 g5 20. Be3 f5 21. b3
Bd3 22. exf5 Rxf5 23. g4 Rf7 24. Ng1 c4 25. Rad1 Ne5 26. h3 Bg6 27. Rf1 cxb3
28. axb3 Rxb3 29. Nge2 Nf3 30. Qa2 Qc4 31. Rc1 Be4 32. Rfd1 Ne5+ 33. Kg1 Bd3
34. Kg2 Bxe2 35. Rd4 Bf3+ 36. Kg1 Qxc3 37. Rxc3 Rxc3 38. Qb2 Rc8 39. Qb7 Rff8
40. Qxe7 Ra8 41. Qxd6 Ra1+ 42. Kh2 Rh1+ 43. Kg3 Rg1+ 44. Kh2 Rg2+ 45. Kh1 Rxg4+
46. Kh2 Rg2+ 47. Kh1 Rxf2+ 48. Kg1 Rg2+ 49. Kf1 Be4+ 50. Ke1 Nd3+ 0-1

[Event "Cafe Baroque International 2nd"]
[Site "London, Cafe Baroque"]
[Date "1994.03.11"]
[Round "6"]
[White "McDonald, Neil R"]
[Black "Martin, Benjamin"]
[Result "1-0"]
[WhiteElo "2390"]
[BlackElo "2400"]
[PlyCount "125"]
[EventDate "1994.03.09"]
[EventType "tourn"]
[EventRounds "9"]
[EventCountry "ENG"]
[SourceTitle "BritBase"]
[Source "John Saunders"]
[SourceDate "2023.06.01"]
[SourceVersion "1"]
[SourceVersionDate "2023.06.01"]
[SourceQuality "1"]

1. e4 e6 2. d4 d5 3. Nc3 Bb4 4. Nge2 Nc6 5. a3 Ba5 6. Be3 Nf6 7. e5 Ng4 8. b4
Bb6 9. Na4 Nxe3 10. fxe3 f6 11. Nf4 O-O 12. Nxb6 axb6 13. exf6 Qxf6 14. Bd3
Nxd4 15. O-O Nf5 16. Bxf5 Qxf5 17. Qd4 Bd7 18. c4 Qg5 19. h4 Qe7 20. Qe5 c6 21.
cxd5 Rf5 22. Qc7 exd5 23. Qxb6 Re8 24. Rae1 Re5 25. Qxb7 Rxe3 26. Rxe3 Qxe3+
27. Kh1 Qe7 28. h5 Qd6 29. Qb6 d4 30. Qa6 Rf8 31. Qc4+ Kh8 32. Qc1 Rf5 33. Kg1
Be8 34. Rf2 Bxh5 35. Nxh5 Rxh5 36. Qf4 Qxf4 37. Rxf4 Kg8 38. Rxd4 Re5 39. Rd8+
Kf7 40. Rd7+ Kf8 41. Kf2 h5 42. Rc7 Re6 43. a4 Ke8 44. Rxg7 Kd8 45. a5 Kc8 46.
Rg5 Re4 47. b5 cxb5 48. Rxb5 h4 49. a6 Ra4 50. Rb6 Kd7 51. Rh6 Kc7 52. Kg1 Ra1+
53. Kh2 Ra3 54. a7 Kb7 55. Rxh4 Kxa7 56. Rb4 Rc3 57. g4 Rc8 58. Kg3 Rg8 59. Kf4
Rf8+ 60. Ke5 Rg8 61. Kf5 Rf8+ 62. Ke6 Rg8 63. Kf7 1-0

[Event "Cafe Baroque International 2nd"]
[Site "London, Cafe Baroque"]
[Date "1994.03.11"]
[Round "6"]
[White "Morris, Philip"]
[Black "Whiteley, Andrew Jonathan"]
[Result "0-1"]
[WhiteElo "2390"]
[BlackElo "2305"]
[PlyCount "76"]
[EventDate "1994.03.09"]
[EventType "tourn"]
[EventRounds "9"]
[EventCountry "ENG"]
[SourceTitle "BritBase"]
[Source "John Saunders"]
[SourceDate "2023.06.01"]
[SourceVersion "1"]
[SourceVersionDate "2023.06.01"]
[SourceQuality "1"]

1. d4 Nf6 2. c4 g6 3. Nc3 Bg7 4. e4 d6 5. Be2 O-O 6. Nf3 e5 7. O-O Nc6 8. d5
Ne7 9. Nd2 a5 10. a3 Nd7 11. Rb1 f5 12. b4 axb4 13. axb4 Nf6 14. Qc2 Kh8 15.
Bb2 c6 16. Bf3 Qb6 17. c5 Qxb4 18. cxd6 Qxd6 19. Nc4 Qd8 20. d6 Neg8 21. Rbd1
Nd7 22. exf5 gxf5 23. g3 e4 24. Bg2 b6 25. Ne2 Bxb2 26. Nxb2 Qf6 27. Nf4 Ra2
28. Rd2 Ba6 29. Re1 Nc5 30. Nh5 Bd3 31. Nxf6 Bxc2 32. Nxg8 Rxb2 33. Rc1 Kxg8
34. Rdxc2 Rxc2 35. Rxc2 Kf7 36. Rb2 Rb8 37. f3 Ke6 38. fxe4 fxe4 0-1

[Event "Cafe Baroque International 2nd"]
[Site "London, Cafe Baroque"]
[Date "1994.03.11"]
[Round "6"]
[White "Mortazavi, Ali"]
[Black "McMahon, Daire"]
[Result "1/2-1/2"]
[WhiteElo "2350"]
[BlackElo "2235"]
[PlyCount "95"]
[EventDate "1994.03.09"]
[EventType "tourn"]
[EventRounds "9"]
[EventCountry "ENG"]
[SourceTitle "BritBase"]
[Source "John Saunders"]
[SourceDate "2023.06.01"]
[SourceVersion "1"]
[SourceVersionDate "2023.06.01"]
[SourceQuality "1"]

1. e4 e5 2. Nf3 Nc6 3. Bc4 Nf6 4. d3 Bc5 5. c3 d6 6. Bb3 O-O 7. Nbd2 a6 8. h3
Be6 9. Bc2 Ba7 10. Nf1 h6 11. Ng3 d5 12. Qe2 Re8 13. O-O Qd7 14. Rd1 Rad8 15.
Nh4 b5 16. Qf3 d4 17. Nhf5 dxc3 18. bxc3 b4 19. Nxh6+ Kh7 20. d4 bxc3 21. d5
Nd4 22. Rxd4 Bxd4 23. dxe6 fxe6 24. Ng4 Nxg4 25. Qxg4 Rf8 26. Kh2 Rxf2 27. Bb3
Re8 28. Nf5 Rf1 29. Qe2 Rf2 30. Qh5+ Kg8 31. Be3 Rxf5 32. exf5 Bxe3 33. Bxe6+
Rxe6 34. fxe6 Bf4+ 35. Kh1 Qxe6 36. Qe2 Qc6 37. Qc2 Qc4 38. Rb1 Kf7 39. Rd1 Qc6
40. Rd3 Bd2 41. Rd8 Ke7 42. Rg8 Qc4 43. Rxg7+ Kf8 44. Qh7 Qf1+ 45. Kh2 Bf4+ 46.
g3 Qf2+ 47. Kh1 Qf3+ 48. Kh2 1/2-1/2

[Event "Cafe Baroque International 2nd"]
[Site "London, Cafe Baroque"]
[Date "1994.03.11"]
[Round "6"]
[White "Sahl, Sheila Barth"]
[Black "Ledger, Andrew J"]
[Result "1-0"]
[WhiteElo "2080"]
[BlackElo "2380"]
[PlyCount "75"]
[EventDate "1994.03.09"]
[EventType "tourn"]
[EventRounds "9"]
[EventCountry "ENG"]
[SourceTitle "BritBase"]
[Source "John Saunders"]
[SourceDate "2023.06.01"]
[SourceVersion "1"]
[SourceVersionDate "2023.06.01"]
[SourceQuality "1"]

1. d4 Nf6 2. c4 g6 3. Nc3 d5 4. cxd5 Nxd5 5. e4 Nxc3 6. bxc3 Bg7 7. Be3 c5 8.
Qd2 Qa5 9. Rc1 O-O 10. h3 Rd8 11. Nf3 e6 12. d5 exd5 13. exd5 Bf5 14. Be2 c4
15. Bxc4 Rc8 16. Bb3 Bxc3 17. Rxc3 Qxc3 18. Qxc3 Rxc3 19. Kd2 Rc8 20. Ng5 Rd8
21. g4 Bc8 22. Bd4 h6 23. Ne4 Nd7 24. Re1 b5 25. Nf6+ Nxf6 26. Bxf6 Rf8 27. Re7
a5 28. d6 Ra6 29. Be5 Rd8 30. Rxf7 Rdxd6+ 31. Bxd6 Rxd6+ 32. Ke3 Be6 33. Rf6
Bxb3 34. Rxd6 Bxa2 35. Rxg6+ Kh7 36. Ra6 a4 37. Kd4 Kg7 38. Ra5 1-0

[Event "Cafe Baroque International 2nd"]
[Site "London, Cafe Baroque"]
[Date "1994.03.11"]
[Round "6"]
[White "Summerscale, Aaron P"]
[Black "Carton, Niall"]
[Result "1-0"]
[WhiteElo "2410"]
[BlackElo "2265"]
[PlyCount "43"]
[EventDate "1994.03.09"]
[EventType "tourn"]
[EventRounds "9"]
[EventCountry "ENG"]
[SourceTitle "BritBase"]
[Source "John Saunders"]
[SourceDate "2023.06.01"]
[SourceVersion "1"]
[SourceVersionDate "2023.06.01"]
[SourceQuality "1"]

1. d4 e6 2. g3 d5 3. Bg2 Nf6 4. Nf3 c5 5. c4 Nc6 6. cxd5 exd5 7. Nc3 h6 8. O-O
Be6 9. b3 Rc8 10. Bb2 b6 11. Rc1 Be7 12. Qd3 O-O 13. Rfd1 Qc7 14. e3 Rfd8 15.
Ne2 Nb4 16. Qb1 Ne4 17. dxc5 Bf5 18. Qa1 bxc5 19. Bxg7 Qd7 20. Nf4 f6 21. Bxh6
Qb7 22. Nh4 1-0

[Event "Cafe Baroque International 2nd"]
[Site "London, Cafe Baroque"]
[Date "1994.03.12"]
[Round "7"]
[White "Carton, Niall"]
[Black "McDonald, Neil R"]
[Result "1/2-1/2"]
[WhiteElo "2265"]
[BlackElo "2390"]
[PlyCount "87"]
[EventDate "1994.03.09"]
[EventType "tourn"]
[EventRounds "9"]
[EventCountry "ENG"]
[SourceTitle "BritBase"]
[Source "John Saunders"]
[SourceDate "2023.06.01"]
[SourceVersion "1"]
[SourceVersionDate "2023.06.01"]
[SourceQuality "1"]

1. e4 e6 2. d4 d5 3. Nc3 Bb4 4. e5 Ne7 5. a3 Bxc3+ 6. bxc3 c5 7. Nf3 Qa5 8. Bd2
cxd4 9. cxd4 Qa4 10. Rb1 a6 11. Bd3 Nbc6 12. Bc3 Qxa3 13. Rb3 Qa4 14. Qd2 Nd8
15. Qg5 Ng6 16. h4 O-O 17. h5 h6 18. Qc1 Ne7 19. Bd2 f5 20. Ra3 Qe8 21. Bxh6
gxh6 22. Qxh6 Nf7 23. Qf6 Nh8 24. Qg5+ Kh7 25. Qf4 Nf7 26. g4 Kh8 27. g5 Kg7
28. Nh4 Rg8 29. Be2 Qf8 30. Rg3 Bd7 31. h6+ Kh7 32. g6+ Nxg6 33. Nxg6 Qb4+ 34.
Kf1 Bb5 35. Qh4 Bxe2+ 36. Kxe2 Qc4+ 37. Ke1 Qxc2 38. Nf8+ Raxf8 39. Rg7+ Kh8
40. Qf6 Qc1+ 41. Ke2 Qc4+ 42. Ke1 Qc1+ 43. Ke2 Qc4+ 44. Ke1 1/2-1/2

[Event "Cafe Baroque International 2nd"]
[Site "London, Cafe Baroque"]
[Date "1994.03.12"]
[Round "7"]
[White "Ledger, Andrew J"]
[Black "Summerscale, Aaron P"]
[Result "1/2-1/2"]
[WhiteElo "2380"]
[BlackElo "2410"]
[PlyCount "23"]
[EventDate "1994.03.09"]
[EventType "tourn"]
[EventRounds "9"]
[EventCountry "ENG"]
[SourceTitle "BritBase"]
[Source "John Saunders"]
[SourceDate "2023.06.01"]
[SourceVersion "1"]
[SourceVersionDate "2023.06.01"]
[SourceQuality "1"]

1. c4 c6 2. Nf3 d5 3. cxd5 cxd5 4. d4 Nf6 5. Nc3 Nc6 6. Bf4 Bf5 7. e3 e6 8. Bd3
Bxd3 9. Qxd3 Bd6 10. Bxd6 Qxd6 11. O-O O-O 12. Rac1 1/2-1/2

[Event "Cafe Baroque International 2nd"]
[Site "London, Cafe Baroque"]
[Date "1994.03.12"]
[Round "7"]
[White "Martin, Benjamin"]
[Black "Morris, Philip"]
[Result "1/2-1/2"]
[WhiteElo "2400"]
[BlackElo "2390"]
[PlyCount "41"]
[EventDate "1994.03.09"]
[EventType "tourn"]
[EventRounds "9"]
[EventCountry "ENG"]
[SourceTitle "BritBase"]
[Source "John Saunders"]
[SourceDate "2023.06.01"]
[SourceVersion "1"]
[SourceVersionDate "2023.06.01"]
[SourceQuality "1"]

1. e4 e5 2. Nf3 Nc6 3. Bb5 a6 4. Ba4 Nf6 5. Qe2 b5 6. Bb3 Bc5 7. O-O O-O 8. c3
d5 9. d3 dxe4 10. dxe4 h6 11. Rd1 Qe7 12. Be3 Bxe3 13. Qxe3 Na5 14. Nbd2 c5 15.
Bc2 Bg4 16. a4 Bxf3 17. Qxf3 Rfd8 18. Qe2 c4 19. axb5 axb5 20. b3 cxb3 21. Nxb3
1/2-1/2

[Event "Cafe Baroque International 2nd"]
[Site "London, Cafe Baroque"]
[Date "1994.03.12"]
[Round "7"]
[White "McMahon, Daire"]
[Black "Sahl, Sheila Barth"]
[Result "1/2-1/2"]
[WhiteElo "2235"]
[BlackElo "2080"]
[PlyCount "63"]
[EventDate "1994.03.09"]
[EventType "tourn"]
[EventRounds "9"]
[EventCountry "ENG"]
[SourceTitle "BritBase"]
[Source "John Saunders"]
[SourceDate "2023.06.01"]
[SourceVersion "1"]
[SourceVersionDate "2023.06.01"]
[SourceQuality "1"]

1. d4 g6 2. c4 Bg7 3. Nc3 c5 4. e3 Nf6 5. Nf3 O-O 6. Be2 cxd4 7. Nxd4 Nc6 8.
O-O d6 9. Nc2 Be6 10. e4 Na5 11. b3 Rc8 12. Be3 a6 13. Nd4 b5 14. Nxe6 fxe6 15.
Rc1 bxc4 16. b4 Nb7 17. Qa4 Qd7 18. Qxa6 d5 19. Rfd1 Nd6 20. exd5 Ra8 21. Qc6
exd5 22. Qxd7 Nxd7 23. Rxd5 Bxc3 24. Rxc3 Rxa2 25. Bf1 Rb2 26. b5 Rf5 27. Rxf5
gxf5 28. g3 Ne5 29. Bf4 Rxb5 30. Bxe5 Rxe5 31. Bxc4+ Nxc4 32. Rxc4 1/2-1/2

[Event "Cafe Baroque International 2nd"]
[Site "London, Cafe Baroque"]
[Date "1994.03.12"]
[Round "7"]
[White "Whiteley, Andrew Jonathan"]
[Black "Mortazavi, Ali"]
[Result "1/2-1/2"]
[WhiteElo "2305"]
[BlackElo "2350"]
[PlyCount "28"]
[EventDate "1994.03.09"]
[EventType "tourn"]
[EventRounds "9"]
[EventCountry "ENG"]
[SourceTitle "BritBase"]
[Source "John Saunders"]
[SourceDate "2023.06.01"]
[SourceVersion "1"]
[SourceVersionDate "2023.06.01"]
[SourceQuality "1"]

1. d4 Nf6 2. c4 c5 3. Nf3 cxd4 4. Nxd4 e5 5. Nb3 d5 6. cxd5 Qxd5 7. Bd2 Bf5 8.
Nc3 Qd7 9. Bg5 Bb4 10. Bxf6 Bxc3+ 11. bxc3 gxf6 12. e3 Qc7 13. Bb5+ Nd7 14. O-O
O-O-O 1/2-1/2

[Event "Cafe Baroque International 2nd"]
[Site "London, Cafe Baroque"]
[Date "1994.03.12"]
[Round "8"]
[White "McDonald, Neil R"]
[Black "Ledger, Andrew J"]
[Result "1/2-1/2"]
[WhiteElo "2390"]
[BlackElo "2380"]
[PlyCount "196"]
[EventDate "1994.03.09"]
[EventType "tourn"]
[EventRounds "9"]
[EventCountry "ENG"]
[SourceTitle "BritBase"]
[Source "John Saunders"]
[SourceDate "2023.06.01"]
[SourceVersion "1"]
[SourceVersionDate "2023.06.01"]
[SourceQuality "1"]

1. e4 d5 2. exd5 Qxd5 3. Nc3 Qa5 4. Nf3 Nf6 5. d4 c6 6. h3 Bf5 7. Bd3 Bxd3 8.
Qxd3 Nbd7 9. O-O e6 10. Bf4 Be7 11. Rfe1 O-O 12. Ne2 Rfd8 13. Ng3 c5 14. c3
cxd4 15. Nxd4 Nh5 16. Nxh5 Qxh5 17. Rad1 Nc5 18. Qb5 a6 19. Qa5 Qg6 20. Bc7 Rd5
21. Nf3 Nd3 22. Qxd5 exd5 23. Rxe7 Kf8 24. Re2 Rc8 25. Bg3 Rd8 26. Red2 Nc5 27.
Bc7 Rc8 28. Ba5 b6 29. Bb4 Rd8 30. c4 Qe4 31. Bxc5+ bxc5 32. cxd5 Rd6 33. b3 a5
34. Ne1 a4 35. Nc2 axb3 36. axb3 c4 37. bxc4 Qxc4 38. Ne3 Qe4 39. Rd4 Qe8 40.
Nc4 Rd8 41. d6 Qb5 42. d7 f6 43. Ne3 Kf7 44. Rd5 Qb3 45. Nf5 Kf8 46. h4 Qa4 47.
h5 h6 48. Ng3 Ke7 49. R1d4 Qa1+ 50. Kh2 Qc1 51. Kh3 Qc3 52. Rd3 Qc4 53. Nf5+
Kf8 54. Nd6 Qc6 55. Nf5 Qc4 56. Nh4 Kf7 57. Ng6 Qe4 58. Kg3 Qc4 59. Nf4 Qc6 60.
Rd6 Qc5 61. Kf3 Ke7 62. R6d5 Qc6 63. Kg4 Kf7 64. Kf5 Qb6 65. f3 Qc6 66. g3 Qb6
67. Rd6 Qb5+ 68. R3d5 Qb1+ 69. Kg4 Qe1 70. Rd4 Qe5 71. R6d5 Qb8 72. Re4 Qb7 73.
Red4 Qb8 74. Rd6 Qb3 75. Rd3 Qc4 76. Kh4 Qa4 77. Kh3 Qc4 78. Kg2 Qa2+ 79. Rd2
Qc4 80. Ne2 Qc5 81. g4 Qb4 82. Ng3 Qb5 83. Nf5 Qa4 84. Kg3 Qa7 85. Kg2 Qa4 86.
Rb2 Qa7 87. Rd1 Qa4 88. Rbd2 Kf8 89. Ng3 Qb5 90. Ne4 Qc6 91. Rd5 Qc2+ 92. R1d2
Qc6 93. Nc5 Kf7 94. Rf5 Qb6 95. Rfd5 Qc6 96. Nb3 Qb6 97. Na5 Qa6 98. Rb2 Qe6
1/2-1/2

[Event "Cafe Baroque International 2nd"]
[Site "London, Cafe Baroque"]
[Date "1994.03.12"]
[Round "8"]
[White "McMahon, Daire"]
[Black "Whiteley, Andrew Jonathan"]
[Result "1-0"]
[WhiteElo "2235"]
[BlackElo "2305"]
[PlyCount "65"]
[EventDate "1994.03.09"]
[EventType "tourn"]
[EventRounds "9"]
[EventCountry "ENG"]
[SourceTitle "BritBase"]
[Source "John Saunders"]
[SourceDate "2023.06.01"]
[SourceVersion "1"]
[SourceVersionDate "2023.06.01"]
[SourceQuality "1"]

1. d4 d5 2. Nf3 Nf6 3. c4 c6 4. Nc3 e6 5. Bg5 dxc4 6. e4 b5 7. e5 h6 8. Bh4 g5
9. Nxg5 Nd5 10. Nf3 Qa5 11. Qd2 Bb4 12. Rc1 Nd7 13. Be2 N7b6 14. Bd1 Bb7 15.
O-O Kd7 16. Bf6 Rhg8 17. Qxh6 Bxc3 18. bxc3 Nxc3 19. Qh7 Raf8 20. Ng5 c5 21.
Bg7 Nxa2 22. Bxf8 Rxf8 23. Nxf7 Bd5 24. Qg7 Ra8 25. Bg4 cxd4 26. Nd6+ Kc6 27.
Qb7+ Kc5 28. Qc7+ Kb4 29. Rb1+ Ka4 30. Bd1+ Ka3 31. Qc5+ Nb4 32. Ra1+ Kb2 33.
Rxa5 1-0

[Event "Cafe Baroque International 2nd"]
[Site "London, Cafe Baroque"]
[Date "1994.03.12"]
[Round "8"]
[White "Morris, Philip"]
[Black "Carton, Niall"]
[Result "1-0"]
[WhiteElo "2390"]
[BlackElo "2265"]
[PlyCount "76"]
[EventDate "1994.03.09"]
[EventType "tourn"]
[EventRounds "9"]
[EventCountry "ENG"]
[SourceTitle "BritBase"]
[Source "John Saunders"]
[SourceDate "2023.06.01"]
[SourceVersion "1"]
[SourceVersionDate "2023.06.01"]
[SourceQuality "1"]

1. e4 e6 2. d4 d5 3. e5 c5 4. c3 Nc6 5. Nf3 Qb6 6. Be2 cxd4 7. cxd4 f6 8. O-O
fxe5 9. dxe5 Nge7 10. Nc3 g6 11. Bf4 Bg7 12. Qd2 O-O 13. Nb5 Bd7 14. Nbd4 Rf7
15. Rad1 Raf8 16. Bg3 h6 17. h4 Qc7 18. Qe3 a6 19. Bd3 Qd8 20. Bb1 Bc8 21. a3
Qb6 22. Nxc6 Qxc6 23. Nd4 Qb6 24. b4 Bd7 25. Rc1 Bb5 26. Rfe1 Bc4 27. a4 Re8
28. a5 Qxb4 29. Nxe6 Nf5 30. Bxf5 Rxf5 31. Nxg7 Kxg7 32. e6 Qxa5 33. e7 Qb5 34.
Qe6 Qc6 35. Be5+ Kh7 36. Bd6 b5 37. h5 Rxh5 38. Qf7+ Kh8 1-0

[Event "Cafe Baroque International 2nd"]
[Site "London, Cafe Baroque"]
[Date "1994.03.12"]
[Round "8"]
[White "Mortazavi, Ali"]
[Black "Martin, Benjamin"]
[Result "0-1"]
[WhiteElo "2350"]
[BlackElo "2400"]
[PlyCount "34"]
[EventDate "1994.03.09"]
[EventType "tourn"]
[EventRounds "9"]
[EventCountry "ENG"]
[SourceTitle "BritBase"]
[Source "John Saunders"]
[SourceDate "2023.06.01"]
[SourceVersion "1"]
[SourceVersionDate "2023.06.01"]
[SourceQuality "1"]

1. d4 Nf6 2. Bg5 d5 3. Bxf6 gxf6 4. e3 c5 5. dxc5 Qa5+ 6. Nc3 e6 7. Bd3 Nc6 8.
Nge2 Bd7 9. O-O Qxc5 10. e4 dxe4 11. Nxe4 Qe7 12. f4 f5 13. Ng5 O-O-O 14. c3 e5
15. Qb3 exf4 16. Nxf7 Be6 17. Bc4 Qc5+ 0-1

[Event "Cafe Baroque International 2nd"]
[Site "London, Cafe Baroque"]
[Date "1994.03.12"]
[Round "8"]
[White "Sahl, Sheila Barth"]
[Black "Summerscale, Aaron P"]
[Result "0-1"]
[WhiteElo "2080"]
[BlackElo "2410"]
[PlyCount "64"]
[EventDate "1994.03.09"]
[EventType "tourn"]
[EventRounds "9"]
[EventCountry "ENG"]
[SourceTitle "BritBase"]
[Source "John Saunders"]
[SourceDate "2023.06.01"]
[SourceVersion "1"]
[SourceVersionDate "2023.06.01"]
[SourceQuality "1"]

1. d4 d5 2. Nf3 Nf6 3. Bf4 c5 4. e3 Nc6 5. c3 Qb6 6. Qc1 Bf5 7. Nbd2 Rc8 8.
dxc5 Qxc5 9. Nb3 Qb6 10. Nbd4 Be4 11. Be2 e6 12. O-O Be7 13. h3 O-O 14. Rd1 Nd7
15. Bg3 Na5 16. Nd2 Bg6 17. N4b3 Nc6 18. e4 Bg5 19. exd5 exd5 20. Nc4 dxc4 21.
Qxg5 cxb3 22. Rxd7 bxa2 23. Rxa2 Bb1 24. Ra4 Qxb2 25. Rg4 Bg6 26. Bc4 Qxc3 27.
Bd6 Rcd8 28. Rxd8 Rxd8 29. Qf4 Qf6 30. Qxf6 gxf6 31. Bc5 Ne5 32. Rf4 Rc8 0-1

[Event "Cafe Baroque International 2nd"]
[Site "London, Cafe Baroque"]
[Date "1994.03.13"]
[Round "9"]
[White "Carton, Niall"]
[Black "Mortazavi, Ali"]
[Result "1/2-1/2"]
[WhiteElo "2265"]
[BlackElo "2350"]
[PlyCount "52"]
[EventDate "1994.03.09"]
[EventType "tourn"]
[EventRounds "9"]
[EventCountry "ENG"]
[SourceTitle "BritBase"]
[Source "John Saunders"]
[SourceDate "2023.06.01"]
[SourceVersion "1"]
[SourceVersionDate "2023.06.01"]
[SourceQuality "1"]

1. e4 g6 2. d4 Bg7 3. Nc3 d6 4. Nf3 Nf6 5. Be2 O-O 6. O-O c6 7. a4 Nbd7 8. Be3
e5 9. h3 Qe7 10. dxe5 dxe5 11. Qd2 Nc5 12. Bd3 Nxd3 13. Qxd3 Rd8 14. Qe2 h6 15.
Rad1 Bd7 16. Rd2 Nh5 17. Rfd1 Be6 18. Rxd8+ Rxd8 19. Rxd8+ Qxd8 20. Qd2 Qxd2
21. Nxd2 a6 22. a5 Nf4 23. Kf1 Bf8 24. Na4 Bb4 25. Nc5 Bxc5 26. Bxc5 f6 1/2-1/2

[Event "Cafe Baroque International 2nd"]
[Site "London, Cafe Baroque"]
[Date "1994.03.13"]
[Round "9"]
[White "Martin, Benjamin"]
[Black "McMahon, Daire"]
[Result "1/2-1/2"]
[WhiteElo "2400"]
[BlackElo "2235"]
[PlyCount "47"]
[EventDate "1994.03.09"]
[EventType "tourn"]
[EventRounds "9"]
[EventCountry "ENG"]
[SourceTitle "BritBase"]
[Source "John Saunders"]
[SourceDate "2023.06.01"]
[SourceVersion "1"]
[SourceVersionDate "2023.06.01"]
[SourceQuality "1"]

1. e4 e5 2. Nf3 Nc6 3. Bb5 Nf6 4. O-O Bc5 5. Nxe5 Nxe5 6. d4 a6 7. Ba4 Nxe4 8.
Qe2 Be7 9. Qxe4 Ng6 10. f4 O-O 11. Bb3 c6 12. d5 Re8 13. Qd3 Bd6 14. Nc3 Qc7
15. Ne4 c5 16. Bd2 b5 17. Nxd6 Qxd6 18. c4 Bb7 19. Rad1 Re7 20. a4 b4 21. Bc2
Qf6 22. Bc1 Rae8 23. g3 Re2 24. Rf2 1/2-1/2

[Event "Cafe Baroque International 2nd"]
[Site "London, Cafe Baroque"]
[Date "1994.03.13"]
[Round "9"]
[White "Summerscale, Aaron P"]
[Black "McDonald, Neil R"]
[Result "1/2-1/2"]
[WhiteElo "2410"]
[BlackElo "2390"]
[PlyCount "20"]
[EventDate "1994.03.09"]
[EventType "tourn"]
[EventRounds "9"]
[EventCountry "ENG"]
[SourceTitle "BritBase"]
[Source "John Saunders"]
[SourceDate "2023.06.01"]
[SourceVersion "1"]
[SourceVersionDate "2023.06.01"]
[SourceQuality "1"]

1. d4 Nf6 2. Nf3 g6 3. Bg5 Bg7 4. Nbd2 d5 5. e3 O-O 6. c3 Nbd7 7. Be2 c5 8. O-O
b6 9. h3 Bb7 10. Bf4 Rc8 1/2-1/2

[Event "Cafe Baroque International 2nd"]
[Site "London, Cafe Baroque"]
[Date "1994.03.13"]
[Round "9"]
[White "Whiteley, Andrew Jonathan"]
[Black "Sahl, Sheila Barth"]
[Result "1-0"]
[WhiteElo "2305"]
[BlackElo "2080"]
[PlyCount "115"]
[EventDate "1994.03.09"]
[EventType "tourn"]
[EventRounds "9"]
[EventCountry "ENG"]
[SourceTitle "BritBase"]
[Source "John Saunders"]
[SourceDate "2023.06.01"]
[SourceVersion "1"]
[SourceVersionDate "2023.06.01"]
[SourceQuality "1"]

1. d4 Nf6 2. c4 c5 3. d5 b5 4. cxb5 a6 5. e3 Bb7 6. Nc3 Qa5 7. bxa6 Nxa6 8. Bd2
Qb6 9. e4 e6 10. dxe6 Qxe6 11. f3 Bd6 12. g3 Be5 13. Bh3 Qb6 14. Nge2 O-O 15.
O-O d5 16. exd5 Nxd5 17. Nxd5 Bxd5 18. Bc3 Bxc3 19. Nxc3 Bc4 20. Rf2 Rfd8 21.
Rd2 Rxd2 22. Qxd2 Rd8 23. Re1 Be6 24. Qc2 Nc7 25. Bxe6 Nxe6 26. Kg2 h6 27. b3
Qa5 28. Rc1 c4 29. Ne4 cxb3 30. axb3 Nd4 31. Qb2 Qf5 32. Qc3 Ne2 33. Qc5 Qxc5
34. Rxc5 f5 35. Nc3 Nxc3 36. Rxc3 Rd2+ 37. Kh3 g5 38. Rc5 Rb2 39. Rxf5 Rxb3 40.
Kg4 Rb2 41. h3 Kg7 42. Ra5 Rg2 43. Ra7+ Kg6 44. Ra6+ Kg7 45. h4 gxh4 46. Kxh4
Rf2 47. f4 Rf1 48. Kg4 Rf2 49. Kf5 Rb2 50. Ra7+ Kg8 51. Kg6 Rb6+ 52. Kh5 Rf6
53. Re7 Kh8 54. Re5 Kg7 55. f5 Ra6 56. Re6 Ra3 57. Rg6+ Kf7 58. Kxh6 1-0